00230nam a2200109Ia 4500008004100000100001700041245001900058260000900077650001000086942000700096999001700103190216s9999||||xx |||||||||||||| ||und|| aRamesh Varma 0aHindi-Kamputer bNull aHindi cBK c15337d15337